Personnages de mangas nés en février par images - Statistiques

Statistiques générales
  • Ce quiz a été pris 68 fois
  • Le résultat moyen est 12 sur 20
Statistiques - réponses
Par images Réponse % Correct
Light Yagami
98%
Mikasa Ackerman
90%
Nico Robin
85%
Obito Uchiwa
83%
Edward Elric
80%
Charlotte Linlin / Big Mom
77%
Gray Fulbuster
73%
Mewtwo
73%
Ban
68%
Hiruzen Sarutobi
65%
Kabuto Yakushi
65%
Thorfinn
60%
Tsuyu Asui
60%
Ymir
57%
Shinobu Kochou
55%
Giyuu Tomioka
50%
Suguru Geto
50%
Wendy Marvell
40%
Nishiki Nishio
5%
Tsukuyo
0%
Aucun quiz correspondant
Distribution des résultats
% des personnes avec chaque résultat
Percentile par nombre de réponses
Votre historique - résultats
Vous n’avez pas pris ce quiz